000 00507nam a2200157Ia 4500
008 220216s9999 xx 000 0 und d
100 _aTimmerman G M
_cet al
245 0 _aLinkage mapping of sbm-1, a gene conferring resistance to pea seed-borne mosaic virus, using molecular markers in Pisum sativum
260 _bTheoretical and Applied Genetics
_c1993
300 _a609-615
650 _aDisease resistance
650 _aPea
650 _aPea seed borne mosaic virus
650 _aRFLP
942 _cJS
999 _c62202
_d62202